1136 1061 1110 1565 1735 1010 1390 1175 1943 1026 1121 1742 1588 1095 1719 1521 1868 1887 1328 1349 1796 1125 1062 1396 1556 1560 1739 1759 1904 1939 1239 1478 1041 1084 1817 1432 1794 1799 1859 1862 1617 1090 1723 1684 1704 1249 1081 1049 1092 1491 1567 1521 1481 1216 1514 1753 1499 1487 1694 1848 1793 1340 1825 1997 1524 1826 1411 1452 1666 1231 1747 1310 1828 1467 1968 1919 1412 1634 1649 1153 1117 1265 1325 1419 1385 1169 1634 1377 1276 1984 1159 1003 1161 1808 1268 1985 1940 1914 1966 BCNSPRNW ULIB Ver.6.0+V

เปลี่ยนเป็นภาษาไทย

Change to English
 แสดงรายละเอียดบรรณานุกรม
  กลับหน้าหลัก

Brief Record : Get Marc (ISO 2709) : E-mail record : QR code < ปิดหน้าต่าง
LEADER : 00000nam 2200000uu 4500
001    13399127751
003     ULIB
008    210518s2557||||th 000 0 tha d
020    ู^a9786163693815
050    ^aนว^bซ119ม^cล.11
100    ^aซ็อลบง
245    ^aมหากาพย์เทพมรณะ เล่ม 11
250    ^aพิมพ์ครั้งที่ 1
260    ^aกรุงเทพฯ :^bสยามอินเตอร์บุ๊คส์,^c2557
300    ^a206 หน้า;^b21 ซม.
650    ^aนวนิยาย
945    ^p200^l0^i008062
999    ^aประนอม เกษจรัล
รายการนี้ยังไม่มีแท็ก
คุณยังไม่ได้ล็อกอิน คุณสามารถมีกิจกรรมร่วมกับเว็บไซต์ได้ แต่ต้องล็อกอินก่อน ::
  ล็อกอิน

รายการสื่อสารสนเทศ

ลำดับที่ ประเภท เลขเรียก/บาร์โค้ด สถานที่ สถานะ
1. นวนิยาย
นวนิยาย
นว ซ119ม ล.11 ฉ.1 
  Barcode: 008062
ห้องสมุดวิทยาเขตนครสวรรค์
►นวนิยาย:l:Fiction
บนชั้น
Note:บริจาค

รายการใกล้เคียง
    ผู้แต่ง [ซ็อลบง]

    หัวเรื่อง [นวนิยาย]

BibComment


ยังไม่เคยถูกคอมเมนท์

คอมเมนท์ทรัพยากรรายการนี้
  คอมเมนท์: มหากาพย์เทพมรณะ ..


 Copyright 2026. Bcnsprnw @Library